[Event "M.Botvinnik Memorial 2012"]
[Site "St. Petersburg, Russia"]
[Date "2012.09.02"]
[Round "9.16"]
[White "Ponfilenok, Vladimir"]
[Black "Dvoirys, Semen I"]
[Result "1/2-1/2"]
[WhiteElo "2392"]
[BlackElo "2533"]
[PlyCount "117"]
[EventDate "2012.08.25"]

1. d4 Nf6 2. c4 e6 3. g3 d5 4. Nf3 dxc4 5. Bg2 Nbd7 6. Qa4 a6 7. Qxc4 b5 8. Qc2
Bb7 9. O-O c5 10. a4 cxd4 11. Nxd4 Bxg2 12. Kxg2 Rc8 13. Qd1 Qb6 14. axb5 axb5
15. Nc3 b4 16. Na4 Qb7+ 17. f3 Be7 18. Be3 O-O 19. Qb3 Nd5 20. Bf2 Bg5 21. Rfd1
Ne5 22. e4 Nf6 23. Nc5 Rxc5 24. Nxe6 Rcc8 25. Nxg5 h6 26. Ne6 fxe6 27. Qxe6+
Nf7 28. Ra7 Qc6 29. Qxc6 Rxc6 30. Rd2 Ne5 31. Rb7 Rc4 32. Re2 Rfc8 33. Rb5 Nd3
34. Rd2 Nc1 35. e5 Ne8 36. Be3 Rc2 37. Kh3 Na2 38. f4 Rxd2 39. Bxd2 Rc2 40.
Bxb4 Rxb2 41. Rb8 Kf7 42. Bd6 Rxb8 43. Bxb8 Nb4 44. Ba7 Ke6 45. Kg4 g6 46. Kf3
Kd5 47. g4 Nc6 48. Bb6 Ng7 49. h3 Ne6 50. Ke3 Ncd4 51. Ba5 Nc2+ 52. Kf3 Ned4+
53. Kf2 Na3 54. f5 gxf5 55. Bd2 Kxe5 56. Bxh6 f4 57. Bg7+ Ke4 58. Bxd4 Kxd4 59.
g5 1/2-1/2

[Event "M.Botvinnik Memorial 2012"]
[Site "St. Petersburg, Russia"]
[Date "2012.09.02"]
[Round "9.17"]
[White "Goganov, Aleksey"]
[Black "Zenzera, Alexey"]
[Result "1/2-1/2"]
[WhiteElo "2525"]
[BlackElo "2331"]
[PlyCount "234"]
[EventDate "2012.08.25"]

1. c4 e5 2. Nc3 Nf6 3. Nf3 Nc6 4. g3 d5 5. cxd5 Nxd5 6. Bg2 Nb6 7. O-O Be7 8.
a3 O-O 9. d3 Be6 10. b4 a5 11. b5 Nd4 12. Bb2 Bb3 13. Qc1 Bd5 14. e4 Nxf3+ 15.
Bxf3 Bb3 16. Qb1 a4 17. Ne2 Bf6 18. Nc1 Be6 19. Bc3 Re8 20. Qb2 Nd7 21. Bg2 c6
22. bxc6 bxc6 23. Rd1 Nc5 24. Qe2 Nb3 25. Nxb3 axb3 26. Bf3 Qd7 27. a4 c5 28.
a5 Rad8 29. Qb2 Qd6 30. Kg2 g6 31. Be2 c4 32. dxc4 Qc6 33. Rd5 Bxd5 34. cxd5
Qc5 35. Qxb3 Ra8 36. Qc4 Rec8 37. Qxc5 Rxc5 38. Bb4 Rc2 39. Bd3 Rb2 40. Bc5 Bd8
41. a6 Bb6 42. Bxb6 Rxb6 43. Rc1 Ra7 44. Rc8+ Kg7 45. f4 f6 46. Kf3 Rb3 47. Ke2
Rb6 48. Bc4 g5 49. fxe5 fxe5 50. Kd3 Kf6 51. Kc3 Ke7 52. Rg8 Kd6 53. Re8 Kc5
54. Rxe5 Rb1 55. Re6 Rc1+ 56. Kd3 Rd1+ 57. Kc2 Rh1 58. Rc6+ Kd4 59. d6 Rxh2+
60. Kb3 Kxe4 61. Rc7 Ra8 62. d7 Rd2 63. Kc3 Rd1 64. Rc8 Rxa6 65. Bxa6 Rxd7 66.
Be2 Ke3 67. Bh5 g4 68. Rg8 Kf2 69. Rxg4 Ra7 70. Kb2 Ra5 71. Be8 Re5 72. Bc6 Re3
73. Rh4 Kxg3 74. Rxh7 Kf4 75. Kc2 Ke5 76. Bb5 Kd4 77. Bd3 Rg3 78. Rh4+ Kc5 79.
Kc3 Rg5 80. Ra4 Re5 81. Ra8 Rd5 82. Rc8+ Kd6 83. Kc4 Re5 84. Rd8+ Kc7 85. Rd4
Kc6 86. Be4+ Kc7 87. Bd5 Re7 88. Kc5 Rd7 89. Ra4 Re7 90. Ra8 Kd7 91. Rh8 Kc7
92. Rh6 Kd7 93. Rf6 Kc7 94. Be6 Rg7 95. Rf8 Re7 96. Kd5 Rg7 97. Rc8+ Kb7 98.
Rc1 Rg5+ 99. Kd6 Rb5 100. Bc4 Rb6+ 101. Kd5 Kc7 102. Bb5+ Kb7 103. Rb1 Kc7 104.
Rc1+ Kb7 105. Bd7 Rb2 106. Bc8+ Kb6 107. Rc6+ Kb5 108. Ba6+ Ka5 109. Bd3 Kb4
110. Kd4 Rb3 111. Bc2 Rb2 112. Rc8 Ka3 113. Ra8+ Kb4 114. Rb8+ Ka3 115. Rc8
Rb4+ 116. Kc3 Rb3+ 117. Kd2 Rb6 1/2-1/2

[Event "M.Botvinnik Memorial 2012"]
[Site "St. Petersburg, Russia"]
[Date "2012.09.02"]
[Round "9.18"]
[White "Tiviakov, Sergei"]
[Black "Aitbayev, Aslan"]
[Result "1-0"]
[WhiteElo "2674"]
[BlackElo "2411"]
[PlyCount "81"]
[EventDate "2012.08.25"]

1. e4 e6 2. d4 d5 3. Nd2 Be7 4. c3 c5 5. dxc5 Nf6 6. exd5 Nxd5 7. Nb3 O-O 8.
Bc4 Qc7 9. Nf3 Rd8 10. Qe2 a5 11. a4 Na6 12. O-O Nxc5 13. Nxc5 Qxc5 14. Rd1 b6
15. Bxd5 exd5 16. Be3 Qc7 17. Nd4 Bc5 18. Qf3 Be6 19. h3 Rac8 20. Nb5 Qe7 21.
Bd4 Qg5 22. Re1 Qf5 23. Qe3 Qg6 24. Rad1 h6 25. Kh2 Bf5 26. Bxc5 bxc5 27. Qf4
Be4 28. f3 Bc2 29. Rd2 Bb3 30. Re7 Rb8 31. Ra7 Ra8 32. Rb7 Bc4 33. Rc7 Bxb5 34.
axb5 c4 35. b6 Rab8 36. b7 Qd6 37. Qxd6 Rxd6 38. Rc8+ Rd8 39. Rxd8+ Rxd8 40.
Rxd5 Rb8 41. Rd7 1-0

[Event "M.Botvinnik Memorial 2012"]
[Site "St. Petersburg, Russia"]
[Date "2012.09.02"]
[Round "9.19"]
[White "Ponkratov, Pavel"]
[Black "Bodnaruk, Anastasia"]
[Result "1-0"]
[WhiteElo "2598"]
[BlackElo "2414"]
[PlyCount "71"]
[EventDate "2012.08.25"]

1. d4 Nf6 2. Bg5 e6 3. c4 h6 4. Bf4 b6 5. Nc3 Bb7 6. Qc2 Bb4 7. Nf3 O-O 8. e3
Nh5 9. Bg3 Be7 10. Bd3 d6 11. Be4 c6 12. d5 cxd5 13. cxd5 e5 14. Bxe5 dxe5 15.
d6 Bxe4 16. Qxe4 Qxd6 17. Qxa8 Nc6 18. Qb7 Rb8 19. Qa6 Nb4 20. Qe2 Nd3+ 21. Kf1
Qg6 22. Nd5 Bd8 23. Ne1 e4 24. Nxd3 exd3 25. Qf3 Rc8 26. Rd1 d2 27. Nc3 Bf6 28.
Qe4 Qg5 29. Rxd2 Bxc3 30. bxc3 Rxc3 31. g3 f5 32. Qe6+ Kh7 33. Rd5 Nf6 34. Rxf5
Qg6 35. Kg2 Rc2 36. h3 1-0

[Event "M.Botvinnik Memorial 2012"]
[Site "St. Petersburg, Russia"]
[Date "2012.09.02"]
[Round "9.20"]
[White "Ulanov, Alexandr"]
[Black "Yemelin, Vasily"]
[Result "0-1"]
[WhiteElo "2398"]
[BlackElo "2579"]
[PlyCount "192"]
[EventDate "2012.08.25"]

1. d4 Nf6 2. Nf3 e6 3. c4 Bb4+ 4. Bd2 c5 5. e3 b6 6. Bd3 Bb7 7. O-O Bxd2 8.
Nbxd2 d6 9. a3 O-O 10. b4 Nbd7 11. Qc2 Qe7 12. h3 Rfc8 13. dxc5 dxc5 14. b5 g6
15. Rfd1 a6 16. a4 e5 17. Ne4 axb5 18. axb5 Ne8 19. Nc3 f5 20. Be2 e4 21. Nd2
Ne5 22. Nb3 Qe6 23. Nd5 Rxa1 24. Nxa1 Nf6 25. Nxf6+ Qxf6 26. Qd2 Kf7 27. Qd6
Qxd6 28. Rxd6 Ke7 29. Rd1 Ra8 30. Nb3 g5 31. Ra1 Rxa1+ 32. Nxa1 f4 33. Nb3 f3
34. Bf1 Kf6 35. Nd2 h5 36. Nb1 h4 37. Nc3 Ke6 38. Na4 Nd7 39. Kh2 Kd6 40. g4
Kc7 41. Nc3 Ne5 42. Kg1 Kd6 43. Nb1 Ng6 44. Nc3 Ke7 45. Nb1 Nh8 46. Kh2 Nf7 47.
Kg1 Nd6 48. Nd2 Bc8 49. Kh2 Kd7 50. Kg1 Ke6 51. Kh2 Ke5 52. Kg1 Be6 53. Kh2 Bd7
54. Nb1 Nb7 55. Nc3 Na5 56. Na4 Be6 57. Nxb6 Kd6 58. Kg1 Nb3 59. Na4 Nd2 60.
Nc3 Bd7 61. Na4 Bc8 62. Nc3 Bd7 63. Na4 Bc8 64. Nc3 Be6 65. Na4 Nxf1 66. Kxf1
Bxc4+ 67. Ke1 Bxb5 68. Nc3 Bc6 69. Kf1 Bb7 70. Ke1 Ke5 71. Na4 Kd5 72. Nb6+ Kc6
73. Nc4 Kd5 74. Nb6+ Kd6 75. Nc4+ Ke6 76. Kd1 Ba6 77. Nd2 Kd5 78. Kc2 Bb5 79.
Kc3 Be2 80. Kb3 Bd1+ 81. Kc3 Ba4 82. Kb2 Bd7 83. Kc3 Bc8 84. Kb3 Ba6 85. Kc3
Be2 86. Kc2 c4 87. Kc3 Bd3 88. Kb4 Be2 89. Kc3 Bd3 90. Kb4 Kc6 91. Nxc4 Bf1 92.
Nd2 Bxh3 93. Nxe4 Bg2 94. Kc4 h3 95. Kd4 h2 96. Ng3 Kd6 0-1

[Event "M.Botvinnik Memorial 2012"]
[Site "St. Petersburg, Russia"]
[Date "2012.09.02"]
[Round "9.21"]
[White "Epishin, Vladimir"]
[Black "Arslanov, Shamil"]
[Result "1/2-1/2"]
[WhiteElo "2576"]
[BlackElo "2416"]
[PlyCount "54"]
[EventDate "2012.08.25"]

1. d4 d5 2. c4 c6 3. e3 Nf6 4. Qc2 e6 5. Nd2 Nbd7 6. Ngf3 Bd6 7. Bd3 O-O 8. O-O
Qc7 9. b3 b6 10. cxd5 exd5 11. Bb2 Bb7 12. Rac1 Rfe8 13. Rfe1 Rac8 14. h3 Qd8
15. Qb1 h6 16. e4 dxe4 17. Nxe4 Nxe4 18. Bxe4 Nf6 19. Bd3 c5 20. Rxe8+ Qxe8 21.
Re1 Qc6 22. Bf1 Re8 23. Ne5 Qd5 24. Nc4 Rxe1 25. Qxe1 Bf8 26. Qe5 cxd4 27. Bxd4
Nd7 {unreadable} 1/2-1/2

[Event "M.Botvinnik Memorial 2012"]
[Site "St. Petersburg, Russia"]
[Date "2012.09.02"]
[Round "9.22"]
[White "Ovetchkin, Roman"]
[Black "Tseitlin, Mark D"]
[Result "1-0"]
[WhiteElo "2526"]
[BlackElo "2396"]
[PlyCount "83"]
[EventDate "2012.08.25"]

1. e4 c5 2. Nf3 d6 3. d4 cxd4 4. Qxd4 Nc6 5. Bb5 Bd7 6. Bxc6 Bxc6 7. c4 Nf6 8.
Nc3 g6 9. O-O Bg7 10. Qd3 O-O 11. Nd4 Rc8 12. b3 Nd7 13. Be3 Nc5 14. Qc2 Bd7
15. Rac1 a6 16. Qd2 Re8 17. f3 Qa5 18. Rfd1 Ne6 19. a4 Qb4 20. Nd5 Qxd2 21.
Rxd2 Nc5 22. Rb1 a5 23. Nb6 Rcd8 24. Nb5 Bc6 25. Nc7 Rf8 26. Rdd1 h6 27. Kf1 g5
28. Ke2 f5 29. Bxc5 dxc5 30. Rxd8 Rxd8 31. exf5 g4 32. Ncd5 gxf3+ 33. Kxf3 Kf7
34. Re1 Bf6 35. g4 h5 36. h3 hxg4+ 37. hxg4 Rh8 38. Kg3 Bg5 39. Re4 Rh6 40. Nc8
e6 41. Nd6+ Kf8 42. fxe6 1-0

[Event "M.Botvinnik Memorial 2012"]
[Site "St. Petersburg, Russia"]
[Date "2012.09.02"]
[Round "9.23"]
[White "Yakovich, Yuri"]
[Black "Usmanov, Vasily"]
[Result "1-0"]
[WhiteElo "2525"]
[BlackElo "2333"]
[PlyCount "77"]
[EventDate "2012.08.25"]

1. c4 e6 2. g3 d5 3. Bg2 Nf6 4. Nf3 dxc4 5. Qa4+ Nbd7 6. Qxc4 c5 7. d3 Bd6 8.
a4 O-O 9. Nc3 Nb6 10. Qb3 e5 11. a5 Be6 12. Qc2 Nbd5 13. Ng5 Nb4 14. Qd1 Bc8
15. a6 Rb8 16. axb7 Bxb7 17. O-O Bxg2 18. Kxg2 Qc7 19. Nf3 h6 20. Nd2 Rfd8 21.
Nc4 a6 22. f3 Nd7 23. Bd2 Be7 24. Qa4 Nf8 25. Na2 Ne6 26. Rfc1 Nd4 27. Nxb4
cxb4 28. Qd1 b3 29. Ba5 Qa7 30. Bxd8 Rxd8 31. Nxe5 Rd6 32. Nc4 Re6 33. e3 Nf5
34. Qxb3 Nxe3+ 35. Nxe3 Qxe3 36. Rc2 Rd6 37. Rd1 Bf6 38. Qc4 h5 39. Qe4 1-0

[Event "M.Botvinnik Memorial 2012"]
[Site "St. Petersburg, Russia"]
[Date "2012.09.02"]
[Round "9.24"]
[White "Levin, Evgeny A"]
[Black "Lavrov, Maxim"]
[Result "1-0"]
[WhiteElo "2512"]
[BlackElo "2372"]
[PlyCount "81"]
[EventDate "2012.08.25"]

1. d4 g6 2. Nf3 Bg7 3. c4 c5 4. d5 e5 5. e4 d6 6. Nc3 Nh6 7. h3 f6 8. g4 Nf7 9.
Rg1 Na6 10. a3 O-O 11. h4 Bd7 12. Be3 Qc8 13. Nd2 Nc7 14. Bd3 Rb8 15. b4 b6 16.
Bc2 a6 17. Rb1 Qd8 18. Nf1 Qe7 19. Qd2 Rfc8 20. b5 a5 21. Qe2 Ne8 22. Nh2 Bh6
23. g5 fxg5 24. Qd2 Bf8 25. hxg5 Ng7 26. Bd1 Qd8 27. Bf3 Be7 28. Kd1 Qc7 29.
Kc2 Rf8 30. Rh1 Nh8 31. Qe2 Qd8 32. Rbg1 Rf4 33. Bxf4 exf4 34. Bg4 Nf7 35. Bxd7
Qxd7 36. Nf3 Qd8 37. Qd2 Nxg5 38. Qxf4 Nxf3 39. Qxf3 Qf8 40. Qh3 Qxf2+ 41. Kb1
1-0

[Event "M.Botvinnik Memorial 2012"]
[Site "St. Petersburg, Russia"]
[Date "2012.09.02"]
[Round "9.25"]
[White "Rogozenco, Dorian"]
[Black "Baghdasaryan, Vahe"]
[Result "1-0"]
[WhiteElo "2504"]
[BlackElo "2368"]
[PlyCount "63"]
[EventDate "2012.08.25"]

1. d4 d5 2. c4 c6 3. Nf3 Nf6 4. e3 Bf5 5. Nc3 e6 6. Nh4 Be4 7. f3 Bg6 8. Qb3
Qc7 9. Bd2 dxc4 10. Bxc4 a6 11. Rc1 Be7 12. g3 c5 13. dxc5 Nc6 14. Qb6 Qb8 15.
Nxg6 hxg6 16. Na4 Nd7 17. Qb3 Rxh2 18. Rxh2 Qxg3+ 19. Kd1 Qg1+ 20. Kc2 Qxh2 21.
Qxb7 Rd8 22. Qxc6 Kf8 23. Rd1 Ne5 24. Qxa6 Nxf3 25. Be2 Ne5 26. Bc3 Nd3 27. Rd2
Ne1+ 28. Kc1 Rb8 29. Bd1 Qg3 30. c6 Bg5 31. Bd4 Ng2 32. Rxg2 1-0

[Event "M.Botvinnik Memorial 2012"]
[Site "St. Petersburg, Russia"]
[Date "2012.09.02"]
[Round "9.26"]
[White "Fedoseev, Vladimir"]
[Black "Sichinava, Zviad"]
[Result "1-0"]
[WhiteElo "2498"]
[BlackElo "2322"]
[PlyCount "83"]
[EventDate "2012.08.25"]

1. Nf3 d5 2. g3 c6 3. Bg2 Nf6 4. O-O Bf5 5. d3 e6 6. c4 Be7 7. Be3 O-O 8. Qb3
Qc8 9. Rc1 Na6 10. Nc3 Rd8 11. a3 Ng4 12. Bg5 Nc5 13. Qa2 Bxg5 14. Nxg5 h6 15.
Nf3 d4 16. Nd1 a5 17. b3 a4 18. bxa4 e5 19. Nd2 Nf6 20. Nb2 e4 21. Nb3 Ne6 22.
c5 exd3 23. Nxd3 Nd5 24. a5 Nc3 25. Qd2 Ne4 26. Qb2 h5 27. Rc4 Nc3 28. Nb4 Be4
29. Bh3 f5 30. f3 Bd5 31. Nxd5 Rxd5 32. e4 Ng5 33. exd5 Nxh3+ 34. Kg2 Nxd5 35.
Re1 f4 36. Nxd4 Ng5 37. Kh1 Rxa5 38. gxf4 Nh7 39. Ne6 Nhf6 40. f5 Rb5 41. Qe5
Qd7 42. Qb8+ 1-0

[Event "M.Botvinnik Memorial 2012"]
[Site "St. Petersburg, Russia"]
[Date "2012.09.02"]
[Round "9.27"]
[White "Kalegin, Evgenij"]
[Black "Emdin, Mark"]
[Result "1-0"]
[WhiteElo "2480"]
[BlackElo "2109"]
[PlyCount "47"]
[EventDate "2012.08.25"]

1. e4 c6 2. d3 d5 3. Nd2 e6 4. Ngf3 Nf6 5. g3 c5 6. Bg2 Nc6 7. O-O g6 8. Re1
Bg7 9. exd5 Nxd5 10. Nb3 b6 11. c4 Nde7 12. d4 cxd4 13. Nfxd4 Bb7 14. Bg5 Nxd4
15. Bxb7 Rb8 16. Bg2 Nxb3 17. Qxb3 O-O 18. Qa3 f6 19. Rad1 Qc8 20. Bf4 e5 21.
Qxe7 Re8 22. Qxa7 exf4 23. Rxe8+ Qxe8 24. Rd7 1-0

[Event "M.Botvinnik Memorial 2012"]
[Site "St. Petersburg, Russia"]
[Date "2012.09.02"]
[Round "9.28"]
[White "Tunik, Gennady"]
[Black "Kiselev, Pavel"]
[Result "1-0"]
[WhiteElo "2456"]
[BlackElo "2179"]
[PlyCount "107"]
[EventDate "2012.08.25"]

1. d4 Nf6 2. c4 g6 3. Nc3 Bg7 4. e4 d6 5. Nf3 O-O 6. Be2 e5 7. Be3 Ng4 8. Bg5
f6 9. Bh4 g5 10. Bg3 Nh6 11. h3 Nd7 12. Qd2 f5 13. Qxg5 exd4 14. Qxd8 Rxd8 15.
Nb5 Nc5 16. Nxc7 d3 17. Nxa8 Bxb2 18. Rd1 fxe4 19. Ng5 Bc3+ 20. Kf1 dxe2+ 21.
Kxe2 Nf5 22. Rd5 h6 23. Rhd1 hxg5 24. Rxc5 b6 25. Rcd5 Be6 26. Rxf5 Bxf5 27.
Nc7 Bg6 28. Rxd6 Rxd6 29. Bxd6 Bf7 30. Nd5 Bd4 31. Be7 b5 32. Bxg5 bxc4 33.
Nf6+ Bxf6 34. Bxf6 c3 35. Bxc3 Bxa2 36. Ke3 Bd5 37. g4 Kf7 38. h4 Kg6 39. Kf4
Bc6 40. h5+ Kh7 41. g5 Ba4 42. Kg4 Bd1+ 43. Kh4 e3 44. fxe3 Bf3 45. Bb4 Kg7 46.
g6 a5 47. Bc5 Kf6 48. Bd4+ Kf5 49. Bc3 a4 50. g7 Bd5 51. e4+ Kxe4 52. Kg5 Bg8
53. Kg6 Kd3 54. Ba1 1-0

[Event "M.Botvinnik Memorial 2012"]
[Site "St. Petersburg, Russia"]
[Date "2012.09.02"]
[Round "9.29"]
[White "Kopylov, Alexander A"]
[Black "Duzhakov, Ilya"]
[Result "1-0"]
[WhiteElo "2449"]
[BlackElo "2313"]
[PlyCount "53"]
[EventDate "2012.08.25"]

1. d4 Nf6 2. c4 g6 3. Nf3 Bg7 4. g3 d5 5. cxd5 Nxd5 6. Bg2 Nb6 7. O-O Nc6 8.
Nc3 O-O 9. d5 Na5 10. e4 c6 11. Bf4 cxd5 12. Nxd5 Nxd5 13. exd5 Bf5 14. Be5
Bxe5 15. Nxe5 Rc8 16. g4 Bd7 17. Qd4 f6 18. Nxd7 Qxd7 19. Qxa7 Nc4 20. Rfe1 Ne5
21. d6 exd6 22. Qxb7 Qxg4 23. a4 Rc4 24. h3 Qd4 25. a5 Rc2 26. Qb3+ Rc4 27. Re4
1-0

[Event "M.Botvinnik Memorial 2012"]
[Site "St. Petersburg, Russia"]
[Date "2012.09.02"]
[Round "9.30"]
[White "Gordievsky, Dmitry"]
[Black "Pashinsky, Mikhail"]
[Result "1/2-1/2"]
[WhiteElo "2437"]
[BlackElo "2220"]
[PlyCount "82"]
[EventDate "2012.08.25"]

1. d4 e6 2. c4 Bb4+ 3. Nc3 f5 4. g3 Nf6 5. Bg2 O-O 6. e3 d5 7. Nge2 c6 8. O-O
Bd6 9. b3 Qe7 10. f3 dxc4 11. bxc4 e5 12. Qc2 Na6 13. Rb1 Qf7 14. c5 Bc7 15.
Bd2 Rb8 16. Rb2 h6 17. Rfb1 g5 18. Qb3 Qxb3 19. Rxb3 f4 20. dxe5 Bxe5 21. exf4
gxf4 22. Bxf4 Bxf4 23. Nxf4 Nxc5 24. Rb4 Bf5 25. Ne4 Nfd7 26. Rc1 Bxe4 27. fxe4
b6 28. Rd4 Ne5 29. Rd6 Kh7 30. Rcd1 Rfe8 31. Nh5 Re6 32. Rxe6 Nxe6 33. Rd6 Nc5
34. Nf6+ Kg7 35. Nh5+ Kh7 36. Nf6+ Kh8 37. Nh5 Kh7 38. Nf6+ Kg7 39. Nh5+ Kh7
40. Nf6+ Kg7 41. Nh5+ Kh7 1/2-1/2

[Event "M.Botvinnik Memorial 2012"]
[Site "St. Petersburg, Russia"]
[Date "2012.09.02"]
[Round "9.31"]
[White "Khakimov, Timur"]
[Black "Alekseenko, Kirill"]
[Result "0-1"]
[WhiteElo "2298"]
[BlackElo "2430"]
[PlyCount "84"]
[EventDate "2012.08.25"]

1. e4 c5 2. Nf3 d6 3. d4 cxd4 4. Nxd4 Nf6 5. Nc3 Nc6 6. Bc4 e6 7. O-O Be7 8.
Bb3 O-O 9. Be3 a6 10. f4 Nxd4 11. Bxd4 b5 12. e5 dxe5 13. fxe5 Nd7 14. Qg4 Nc5
15. Rad1 Qc7 16. Ne4 Nxe4 17. Qxe4 Bb7 18. Qg4 Bc5 19. Bxc5 Qxc5+ 20. Qd4 Rac8
21. c3 Qxd4+ 22. Rxd4 Rc5 23. Re1 Rfc8 24. Rd7 R5c7 25. Red1 Kf8 26. Kf2 Ke8
27. Rxc7 Rxc7 28. Ke3 Ke7 29. g3 h5 30. a4 bxa4 31. Bxa4 Bc8 32. Rd6 Rc5 33.
Kd4 Rxe5 34. Kxe5 f6+ 35. Ke4 Kxd6 36. Be8 h4 37. gxh4 f5+ 38. Kf4 e5+ 39. Kg5
f4 40. Bh5 Kd5 41. Bf7+ Ke4 42. Bc4 Kf3 0-1

[Event "M.Botvinnik Memorial 2012"]
[Site "St. Petersburg, Russia"]
[Date "2012.09.02"]
[Round "9.32"]
[White "Palchun, Grigory"]
[Black "Lovkov, Roman"]
[Result "0-1"]
[WhiteElo "2189"]
[BlackElo "2424"]
[PlyCount "54"]
[EventDate "2012.08.25"]

1. e4 c5 2. Nc3 a6 3. g3 b5 4. Bg2 Bb7 5. d3 e6 6. a3 Be7 7. f4 d5 8. e5 h5 9.
h3 Nc6 10. Nf3 Nh6 11. O-O Qb6 12. Ne2 Nf5 13. c3 d4 14. g4 hxg4 15. hxg4 Nh4
16. Nxh4 Rxh4 17. Ng3 c4 18. Rf2 O-O-O 19. Ne4 dxc3 20. bxc3 Rxd3 21. Qe2 Na5
22. Kf1 Nb3 23. Rb1 Nc5 24. Be3 Nxe4 25. Bxb6 Ng3+ 26. Ke1 Nxe2 27. Kxe2 Rxc3
0-1

[Event "M.Botvinnik Memorial 2012"]
[Site "St. Petersburg, Russia"]
[Date "2012.09.02"]
[Round "9.33"]
[White "Polyaninov, Aleksey"]
[Black "Maletin, Pavel"]
[Result "0-1"]
[WhiteElo "2316"]
[BlackElo "2587"]
[PlyCount "62"]
[EventDate "2012.08.25"]

1. Nf3 c5 2. g3 g6 3. Bg2 Bg7 4. d4 cxd4 5. Nxd4 Nc6 6. Nxc6 bxc6 7. O-O Rb8 8.
Nd2 Nf6 9. c4 c5 10. Nb3 d6 11. Bd2 O-O 12. Qc2 Qb6 13. Rab1 Bg4 14. Rfe1 Bf5
15. e4 Bd7 16. Na5 Ng4 17. h3 Ne5 18. a3 Rfc8 19. b4 cxb4 20. axb4 Bb5 21. Be3
Qd8 22. Bxa7 Ra8 23. Be3 Nxc4 24. Nxc4 Rxc4 25. Qd1 Rb8 26. Bd2 Rd4 27. Ra1 Qb6
28. Ra2 Bc4 29. Ra3 Bh6 30. Ree3 Bxe3 31. Rxe3 Qxb4 0-1

[Event "M.Botvinnik Memorial 2012"]
[Site "St. Petersburg, Russia"]
[Date "2012.09.02"]
[Round "9.34"]
[White "Bazeev, German"]
[Black "Kovalenko, Igor"]
[Result "0-1"]
[WhiteElo "2308"]
[BlackElo "2586"]
[PlyCount "86"]
[EventDate "2012.08.25"]

1. d4 Nf6 2. c4 e6 3. Nf3 b6 4. g3 Ba6 5. Qc2 Bb4+ 6. Bd2 c5 7. Bxb4 cxb4 8. a3
bxa3 9. Rxa3 Bb7 10. Nbd2 Nc6 11. e4 Nb4 12. Qb1 d6 13. Bg2 O-O 14. O-O e5 15.
d5 a5 16. Ne1 Ba6 17. f4 Rc8 18. fxe5 dxe5 19. Rc3 Qe7 20. Nef3 Ne8 21. Rf2 Nd6
22. Bf1 Rce8 23. Nh4 Bc8 24. Qe1 Na6 25. Bd3 f5 26. Ng2 Nc5 27. Bc2 fxe4 28.
Rxf8+ Rxf8 29. Nxe4 Ncxe4 30. Bxe4 Bh3 31. Bc2 Bxg2 32. Kxg2 e4 33. Re3 Re8 34.
b3 Qe5 35. Qf2 Rf8 36. Qe2 g6 37. g4 Rf4 38. Rg3 g5 39. Bd1 Qd4 40. Qe1 Nf7 41.
Be2 Ne5 42. Qg1 Qb2 43. Qd1 Nd3 0-1

[Event "M.Botvinnik Memorial 2012"]
[Site "St. Petersburg, Russia"]
[Date "2012.09.02"]
[Round "9.35"]
[White "Markevich, Ilya"]
[Black "Baryshpolets, Andrey"]
[Result "0-1"]
[WhiteElo "2210"]
[BlackElo "2513"]
[PlyCount "82"]
[EventDate "2012.08.25"]

1. e4 e5 2. Nf3 Nc6 3. Bb5 a6 4. Ba4 Nf6 5. d3 d6 6. c3 g6 7. O-O Bg7 8. Re1
O-O 9. Bg5 h6 10. Bh4 Qe8 11. Nbd2 Nd7 12. Nf1 Nb6 13. Bc2 f5 14. exf5 gxf5 15.
d4 e4 16. N3d2 d5 17. f4 a5 18. Bf2 a4 19. b4 Na7 20. Re3 Nb5 21. Rh3 Qc6 22.
Nb1 Qd6 23. Qc1 Bd7 24. Bd1 Nc4 25. Be2 b6 26. Bxc4 dxc4 27. Be3 a3 28. Ng3 Be6
29. Nh5 Bh8 30. Ng3 Rf6 31. Nd2 Qd7 32. Rb1 Rg6 33. Ne2 Rd8 34. Nf1 c5 35. bxc5
bxc5 36. dxc5 Qd3 37. Neg3 Nxc3 38. Rb6 Ne2+ 39. Nxe2 Qxe2 40. Rg3 Rxg3 41.
hxg3 Bb2 0-1

[Event "M.Botvinnik Memorial 2012"]
[Site "St. Petersburg, Russia"]
[Date "2012.09.02"]
[Round "9.36"]
[White "Puraev, Artemiy"]
[Black "Neverov, Valeriy"]
[Result "0-1"]
[WhiteElo "2183"]
[BlackElo "2502"]
[PlyCount "82"]
[EventDate "2012.08.25"]

1. d4 Nf6 2. Nf3 g6 3. c4 Bg7 4. g3 O-O 5. Bg2 d6 6. O-O Nc6 7. Nc3 Bf5 8. b3
Ne4 9. Bb2 Nxc3 10. Bxc3 Be4 11. Qd2 e6 12. Rfd1 d5 13. Rac1 Re8 14. Qb2 Ne7
15. Ne5 Bxg2 16. Kxg2 Nf5 17. Qc2 c6 18. e4 Nd6 19. f3 dxe4 20. fxe4 f5 21.
exf5 exf5 22. Re1 Ne4 23. Rcd1 Qd6 24. Bb2 h5 25. Nf3 Re7 26. Qc1 c5 27. Qc2
cxd4 28. Bxd4 Bxd4 29. Rxd4 Qc6 30. Rd5 Rae8 31. Nd4 Qf6 32. Rf1 h4 33. g4 Qg5
34. h3 Nf6 35. Rd6 Nxg4 36. hxg4 Qxg4+ 37. Kh1 Qh3+ 38. Kg1 Qg3+ 39. Qg2 Qxd6
40. Nxf5 Qb6+ 41. Kh1 Re1 0-1

[Event "M.Botvinnik Memorial 2012"]
[Site "St. Petersburg, Russia"]
[Date "2012.09.02"]
[Round "9.37"]
[White "Cherniaev, Alexander"]
[Black "Papadakis, Michalis"]
[Result "1-0"]
[WhiteElo "2486"]
[BlackElo "2235"]
[PlyCount "97"]
[EventDate "2012.08.25"]

1. c4 Nf6 2. Nc3 c6 3. e4 e5 4. Nf3 d6 5. d4 Nbd7 6. g3 Be7 7. Bg2 O-O 8. O-O
a6 9. h3 Re8 10. Re1 Qc7 11. Qc2 b5 12. c5 dxc5 13. dxe5 Nxe5 14. Nxe5 Qxe5 15.
f4 Qc7 16. b3 Be6 17. Qf2 Rad8 18. Be3 Rd3 19. Rac1 Red8 20. e5 Nd5 21. Nxd5
cxd5 22. Bxc5 Bxc5 23. Rxc5 Qa5 24. Rc2 Rc3 25. Rd1 g6 26. g4 Rxc2 27. Qxc2 Rc8
28. Qf2 Qa3 29. f5 Rc1 30. Rxc1 Qxc1+ 31. Kh2 gxf5 32. gxf5 Bd7 33. Bxd5 Qg5
34. Be4 Qh6 35. h4 Kf8 36. e6 Be8 37. Qc5+ Kg8 38. Qg1+ Kf8 39. Qg5 Qxg5 40.
hxg5 fxe6 41. f6 Kg8 42. b4 Bf7 43. Kg3 e5 44. a3 Be6 45. Kh4 Bf7 46. Kg4 Be6+
47. Kh5 Bf7+ 48. Kh6 Bg6 49. Bxg6 1-0

[Event "M.Botvinnik Memorial 2012"]
[Site "St. Petersburg, Russia"]
[Date "2012.09.02"]
[Round "9.38"]
[White "Chekhov, Sergei"]
[Black "Lamorelle, Julien"]
[Result "1-0"]
[WhiteElo "2444"]
[BlackElo "2290"]
[PlyCount "89"]
[EventDate "2012.08.25"]

1. e4 c5 2. Nf3 e6 3. c3 Nf6 4. e5 Nd5 5. Bc4 d6 6. exd6 Bxd6 7. O-O O-O 8. d4
cxd4 9. cxd4 a6 10. Bg5 Qc7 11. Nbd2 b5 12. Bd3 Bb7 13. Rc1 Qb6 14. Bb1 Nd7 15.
Ne4 Bf4 16. Bxf4 Nxf4 17. Qd2 Nd5 18. Nc5 N5f6 19. Ne5 Rfd8 20. Qf4 Nf8 21. g4
Qc7 22. Ncd7 Rxd7 23. Rxc7 Rxc7 24. Rc1 Nd5 25. Qd2 Rxc1+ 26. Qxc1 Rc8 27. Qd2
f6 28. Nd3 Ng6 29. Nc5 Ngf4 30. Nxb7 Rc1+ 31. Qxc1 Ne2+ 32. Kf1 Nxc1 33. Nc5
Nf4 34. Ke1 Nce2 35. Nxe6 Nxe6 36. Kxe2 Nxd4+ 37. Ke3 Nc6 38. f4 Kf7 39. Be4
Nd8 40. Bf5 Ne6 41. Bxh7 g5 42. fxg5 fxg5 43. Bf5 Nf4 44. Kd4 b4 45. Kc4 1-0

[Event "M.Botvinnik Memorial 2012"]
[Site "St. Petersburg, Russia"]
[Date "2012.09.02"]
[Round "9.39"]
[White "Malakhov, Igor"]
[Black "Palachev, Petr"]
[Result "1/2-1/2"]
[WhiteElo "2442"]
[BlackElo "2290"]
[PlyCount "97"]
[EventDate "2012.08.25"]

1. c4 c6 2. g3 Nf6 3. Bg2 d5 4. Nf3 dxc4 5. Na3 Be6 6. Ng5 Bd5 7. e4 h6 8. exd5
hxg5 9. dxc6 Nxc6 10. Nxc4 Qd7 11. O-O Rd8 12. d3 g4 13. Qa4 Rh5 14. Bf4 Nd5
15. Ne3 Nb6 16. Qd1 g6 17. Nxg4 Bg7 18. Rc1 Nd5 19. Re1 Nxf4 20. gxf4 Bxb2 21.
Qe2 Kf8 22. Qxb2 Qxg4 23. Qxb7 Nd4 24. Qxe7+ Kg7 25. Qe4 Rh3 26. Kf1 Rxh2 27.
Rc7 Nf5 28. Rxa7 Kh6 29. Kg1 Re8 30. Kxh2 Rxe4 31. Rxe4 Nh4 32. Bh1 f5 33. Re3
Qxf4+ 34. Kg1 Qg4+ 35. Kh2 Qf4+ 36. Kg1 Qd4 37. Rae7 Qa1+ 38. Re1 Qxa2 39. d4
Qd2 40. d5 f4 41. R7e2 Qd3 42. Re8 f3 43. Rh8+ Kg5 44. Rxh4 Kxh4 45. Re3 Qd1+
46. Kh2 Qxd5 47. Rxf3 Qd6+ 48. Rg3 Qd2 49. Kg1 1/2-1/2

[Event "M.Botvinnik Memorial 2012"]
[Site "St. Petersburg, Russia"]
[Date "2012.09.02"]
[Round "9.40"]
[White "Smirnov, Alexey"]
[Black "Larin, Maxim"]
[Result "1-0"]
[WhiteElo "2416"]
[BlackElo "2131"]
[PlyCount "47"]
[EventDate "2012.08.25"]

1. d4 Nf6 2. c4 c5 3. d5 e6 4. Nc3 exd5 5. cxd5 d6 6. e4 g6 7. Nf3 Bg7 8. Nd2
O-O 9. Be2 Nbd7 10. O-O Ne5 11. f4 Neg4 12. Nc4 b5 13. Nxb5 Nxh2 14. Kxh2 Nxe4
15. g3 Qd7 16. f5 gxf5 17. Nc3 f4 18. g4 Bxc3 19. Rxf4 Qe7 20. Qd3 Be5 21. Nxe5
dxe5 22. Rxe4 f5 23. gxf5 Bxf5 24. Qg3+ 1-0